Municipalities of Shimane - Click Map - Statistics

General Stats
  • This quiz has been taken 6 times
  • The average score is 11 of 19
Answers on the Map
Answers color-coded by a green-red scale on the quiz's map according to % correct below.
 
Answer Stats
Answer % Correct
Matsue 松江市 まつえし
100%
Okinoshima 隠岐の島町 おきのしまちょう
100%
Hamada 浜田市 はまだし
80%
Izumo 出雲市 いずもし
80%
Misato 美郷町 みさとちょう
80%
Oda 大田市 おおだし
80%
Iinan 飯南町 いいなんちょう
60%
Nishinoshima 西ノ島町 にしのしまちょう
60%
Okuizumo 奥出雲町 おくいずもちょう
60%
Tsuwano 津和野町 つわのちょう
60%
Unnan 雲南市 うんなんし
60%
Yasugi 安来市 やすぎし
60%
Ama 海士町 あまちょう
40%
Gotsu 江津市 ごうつし
40%
Kawamoto 川本町 かわもとまち
40%
Masuda 益田市 ますだし
40%
Chibu 知夫村 ちぶむら
20%
Onan 邑南町 おおなんちょう
20%
Yoshika 吉賀町 よしかちょう
20%
No matching quizzes found
Score Distribution
Percent of People with Each Score
Percentile by Number Answered
Your Score History
You have not taken this quiz